000 01959nam a22001577a 4500
999 _c514519
_d514519
008 201110b ||||| |||| 00| 0 eng d
100 _aShown, Jongmin and Kwak, Sunjoo.
_920973
245 _aManaging fiscal volatility: An empirical analysis of California county governments’ saving behavior
260 _aAmerican Review of Public Administration
300 _a50(3), Apr, 2020: p.328-345
520 _aThe increase in the importance of countercyclical behavior has expanded the research on fiscal saving behavior to local governments. In particular, the Great Recession has shown that local governments are not immune to economic shocks, spurring interest in local savings behavior. County governments are particularly vulnerable to negative economic shocks, as they rely more on intergovernmental revenues. With a focus on the determinants of fiscal slack, we empirically examined the relationship between tax revenue volatility and unassigned fund balance in 57 California counties over the period of 2004 to 2014. Employing spatial regression models, our empirical analysis revealed that revenue volatility is positively associated with general unassigned fund balance in California counties, and revenue diversification has partially positive effects on the fund balance. We infer that tax revenue volatility threatens the stabilized delivery of local services, which suggests that local governments should look to the factors that potentially affect revenue stability to improve their capacity for financial management. The spillover effects from the findings suggest that spatial effects need to be taken into account in analyzing the determinants of local fiscal slack.- Reproduced
650 _a fiscal volatility, Local saving behavior, California County governments, Unassigned fund balance, Spillover effects
_919230
773 _aAmerican Review Of Public Administration
906 _aLOCAL GOVERNMENT - UNITED STATES
942 _cAR